000 00570nam a2200169 i 4500
001 49900
003 ES-MaACL
007 t|
008 030725s1974 sp ||||1| spa d
245 0 0 _aCreación y público en la literatura española /
_cedición a cargo de J.-F. Botrel... [et al.] ; prólogo de Francisco Ynduráin.
260 _a[Madrid] :
_bCastalia,
_c[1974]
300 _a273 p. ;
_c18 cm.
700 1 _aBotrel, Jean-François.
_930790
700 1 _aYnduráin, Francisco,
_d1910-1994
_9117648
852 _aES-MaACL
_jE-8399
_bR.92628
999 _c49900
_d49900